Óvadékképes értékpapirok [!értékpapírok]

Elmentve itt :
Bibliográfiai részletek
Szerző: Balla Ignác
Dokumentumtípus: Cikk
Megjelent: 1929
Sorozat:Polgári jog : a hazai és külföldi magánjog és hiteljog szemléje 5
Kulcsszavak:Hiteljog értékpapír jogi eset
Online Access:http://misc.bibl.u-szeged.hu/5171
LEADER 00620nab a2200169 i 4500
001 misc5171
005 20191106142745.0
008 170607s1929 hu o 0|| hun d
040 |a SZTE Miscellanea Repozitórium  |b hun 
041 |a hun 
100 1 |a Balla Ignác 
245 1 0 |a Óvadékképes értékpapirok [!értékpapírok]  |h [elektronikus dokumentum] /  |c  Balla Ignác 
260 |c 1929 
300 |a 443a 
490 0 |a Polgári jog : a hazai és külföldi magánjog és hiteljog szemléje  |v 5 
695 |a Hiteljog értékpapír jogi eset 
856 4 0 |u http://misc.bibl.u-szeged.hu/5171/1/polgari_jog_1929_443a.pdf  |z Dokumentum-elérés